01078 2200325 4500001002100000005001500021035002000036007000300056008004100059020003900100020003000139082001700169084001900186100004400205245011900249250002000368300004700388650005300435700003000488264003000518336002100548337003000569338002300599040002200622090002200644850001200666504003000678999002200708990002200730INLIS00000000089890320250813110411 a0010-0825000337ta250813s2025 yoia g ind d a978-623-01-3503-3 (no.jil.lengkap) a978-623-01-3505-7 (jil.2)04223a657.0285 a657.0285 REH k0 aReham munas Mega PuspitasariePengarang10aKomputer akuntansi :bakuntansi untuk SMK/MAK kelas XII /cReham munas Mega Puspitasari; penyunting, Fungki Repina aCetakan I: 2025 axii, 196 halaman :bgambar, tabel ;c25 cm 4aKomputer dalam akuntansi--xStudi dan pengajaran0 aFungki RepinaePenyunting31aYogyakarta :bAndi,c2025 2rdacontentateks 2rdamediaatanpa perantara 2rdacarrieravolume aYOPDYOGbinderda aCB-D.11 2025-2420 aYOPDYOG aBibliografi : halaman 188 aCB-D.11/2025-2420 aCB-D.11/2025-2420